| 000 | 00845nac a22002171u 4500 | ||
|---|---|---|---|
| 010 | _a 88004002 | ||
| 020 | _a0070331766 | ||
| 082 | 0 | 0 |
_a658.562 _bJ957 |
| 090 |
_c4544 _d4544 |
||
| 100 | _aJuran, M.J.[ed.] | ||
| 245 | 0 | 0 |
_aJuran's quality control handbook / _cJ.M. Juran, editor-in-chief, Frank M. Gryna, associate editor. |
| 250 | _a4th ed. | ||
| 260 |
_aNew York : _bMcGraw-Hill,c1988 _cc1988. |
||
| 300 |
_a1 v. (various pagings) : _bill. ; _c23 cm. |
||
| 500 | _aRev. ed. of: Quality control handbook. 3rd ed. 1974. | ||
| 504 | _aIncludes bibliographies and indexes. | ||
| 650 | 0 |
_aQuality control _xHandbooks, manuals, etc. |
|
| 700 | 1 | _aGryna, Frank M. | |
| 942 |
_cBB _k658.562J957 |
||
| 999 |
_c4544 _d4544 |
||